Koncepčný návrh prídavného miešacieho zariadenia pre Valet 150
Enregistré dans:
| Auteur principal: | |
|---|---|
| Autres auteurs: | |
| Format: | Manuscrit Livre |
| Langue: | slovaque |
| Publié: |
2025
|
| Sujets: | |
| Accès en ligne: | http://is.stuba.sk/zp/portal_zp.pl?podrobnosti=185674 |
| Tags: |
Pas de tags, Soyez le premier à ajouter un tag!
|
MARC
| LEADER | 00000ntm a22000003a 4500 | ||
|---|---|---|---|
| 001 | stuzp105399 | ||
| 003 | SK-STU | ||
| 005 | 20250621210538.4 | ||
| 007 | ta | ||
| 008 | 150427s2015----xo-----f-mn---000-0-slo-d | ||
| 040 | |a STU |b slo | ||
| 041 | 0 | |a slo | |
| 100 | 1 | |a Revaj, Ján |u 020030 |4 aut |U SjF Strojnícka fakulta |T SjF Ústav automobilového inžinierstva a konštruovania |X 112380 |U J0030 |Y 806 |7 112380 | |
| 242 | 0 | 1 | |a Conceptual design of an additional mixing device for the Valet 150 |y eng |
| 245 | 1 | 0 | |a Koncepčný návrh prídavného miešacieho zariadenia pre Valet 150 |
| 260 | |c 2025 | ||
| 650 | 4 | |a Valet |2 slo | |
| 650 | 4 | |a Miešačka |2 slo | |
| 650 | 4 | |a Prídavné zariadenie |2 slo | |
| 650 | 4 | |a bubon |2 slo | |
| 650 | 4 | |a drum |2 eng | |
| 650 | 4 | |a Valet |2 eng | |
| 650 | 4 | |a concrete mixer |2 eng | |
| 650 | 4 | |a auxiliary attachment |2 eng | |
| 700 | 1 | |a Slovák, Pavol |u 020030 |k Z1 |4 ths |U SjF Strojnícka fakulta |T SjF Ústav automobilového inžinierstva a konštruovania |X 2338 |U J0030 |Y 806 |7 A000002338 | |
| 856 | 4 | |u http://is.stuba.sk/zp/portal_zp.pl?podrobnosti=185674 | |